| 000 | 00413pab a2200145 454500 | ||
|---|---|---|---|
| 008 | 180718b2003 xxu||||| |||| 00| 0 eng d | ||
| 100 | _aMcDaniel, Susan A. | ||
| 245 | _aThe currents of sociology internationally - preponderance, diversity and division of labour: introduction | ||
| 260 | _c2003 | ||
| 300 | _ap.593-97. | ||
| 362 | _aNov | ||
| 650 | _aSociology | ||
| 773 | _aCurrent Sociology | ||
| 909 | _a58881 | ||
| 999 |
_c58881 _d58881 |
||